Statistiques concernant Tous les groupes de personnages Marvel en anglais

Cliquez ici pour prendre le quiz!

Statistiques générales

  • Ce quiz a été pris 11 fois
  • Le résultat moyen est 5 sur 102

Statistiques - réponses

HintRéponse% Correct
AAvengers
100%
XX-Men
89%
FFantastic Four
67%
XX-Force
33%
GGuardians of The Galaxy
22%
NNew Mutants
22%
SSinister Six
22%
TThunderbolts
22%
XX-Factor
22%
AAlpha Flight
11%
AAvengers West Coast
11%
DDefenders
11%
EExcalibur
11%
IInhumans
11%
PPower Pack
11%
WWeapon X
11%
YYoung Avengers
11%
AA-Next
0%
AAtlanteans
0%
BBig Hero 6
0%
BBrotherhood of Evil Mutants
0%
CCaptain Britain Corps
0%
CCat People
0%
CCelestials
0%
CChampions of Xandar
0%
CCircus of Crime
0%
CCommission on Superhuman Activities
0%
CCrazy Gang
0%
EElders of The Universe
0%
EEnforcers
0%
EEternals
0%
EExiles
0%
EExternals
0%
FFifty-State Initiative
0%
FForce Works
0%
FFreedom Force
0%
FFrightful Four
0%
GGatherers
0%
GGeneration X
0%
GGods of Asgard
0%
GGods of Heliopolis
0%
GGods of Olympus
0%
GGreat Lakes Avengers
0%
HHand, The
0%
HHeadmen, The
0%
HHellfire Club
0%
HHellions
0%
HHowling Commandos
0%
HHydra
0%
IIlluminati
0%
IInvaders
0%
KKree, The
0%
LLava Men
0%
LLegion of The Unliving
0%
LLethal Legion
0%
LLiberteens, The
0%
LLiving Tribunal
0%
MMaggia
0%
MMarauders
0%
MMasters of Evil
0%
MMI-13
0%
MMutant Liberation Front
0%
MMutant X
0%
MMys-Tech Board
0%
NNew Warriors
0%
NNextWave
0%
NNth Command
0%
OOmega Flight
0%
OOrder, The
0%
PPantheon
0%
RReavers
0%
RRight, The
0%
SSalem's Seven
0%
SSentinels
0%
SSerpent Society
0%
SShi'ar
0%
SShield
0%
SSinister of Sin
0%
SSinister Syndicate
0%
SSix Pack
0%
SSkrulls, The
0%
SSons of The Serpent
0%
SSoviet Super Soldiers
0%
SSquadron Supreme
0%
SStarjammers
0%
SSuper-Apes
0%
TTeen Brigade
0%
TTime Keepers, The
0%
UU-Foes
0%
UUltraforce
0%
UUpstarts
0%
WWarbound
0%
WWarriors Three
0%
WWatchers, The
0%
XXaviers's Security Enforcers
0%
XX-Cell
0%
XX-Corps
0%
XX-Men 2099
0%
XX-People
0%
XX-Statix
0%
YYoung X-Men
0%
ZZodiac
0%

Distribution des résultats

Percentile par nombre de réponses

% des personnes avec chaque résultat

Votre développement - résultats

Vous n’avez pas pris ce quiz